| 000 | 01222nam a2200457 a 4500 | ||
|---|---|---|---|
| 003 | AR-BaBNM | ||
| 005 | 20251128205609.0 | ||
| 008 | 082120s2002 ||||||||||||||000 | spa|| | ||
| 020 | _a968-23-0953-0 | ||
| 040 | _cAR-BaBNM | ||
| 100 | 1 | _aBarudio, Günter | |
| 245 | 0 | 0 | _aLa época del absolutismo y la ilustración [1648-1779] |
| 250 | _a7ª ed. | ||
| 260 |
_aMéxico, D.F. _bSiglo Veintiuno _c1992 |
||
| 300 |
_a468 p. _bmapas |
||
| 490 | 0 |
_aHistoria Universal siglo XXI _vv. 25 |
|
| 500 | _aCronología p.368-375 | ||
| 500 | _aIndice alfabético p. 443-467 | ||
| 500 | _aNotas p. 376-430 | ||
| 650 | 4 | _aHISTORIA MODERNA | |
| 650 | 4 | _aLIBERTAD | |
| 650 | 4 | _aSIGLO DIECISIETE | |
| 650 | 4 | _aSIGLO DIECIOCHO | |
| 650 | 4 | _aHISTORIA DE LAS IDEAS | |
| 650 | 4 | _aHISTORIA POLITICA | |
| 650 | 4 | _aCIENCIAS POLITICAS | |
| 650 | 4 | _aDERECHOS | |
| 650 | 4 | _aSOBERANIA | |
| 650 | 4 | _aDERECHOS DE LOS ESTADOS | |
| 650 | 4 | _aGOBIERNO | |
| 651 | 4 | _aFrancia | |
| 651 | 4 | _aEuropa | |
| 653 | _aILUSTRACION | ||
| 653 | _aABSOLUTISMO | ||
| 653 | _aILUMINISMO | ||
| 653 | _aDESPOTISMO | ||
| 653 | _aENCICLOPEDISMO | ||
| 700 | 1 |
_aRomano García, Vicente _etraductor |
|
| 942 | _cBK | ||
| 998 | _cMariana | ||
| 999 |
_c12064 _d12064 |
||